Catálogo
 En Linea

Acerca del poeta y su mundo : (Registro nro. 39982)

Detalles MARC
000 -CABECERA
campo de control de longitud fija 00686nam a2200181 a 4500
001 - NÚMERO DE CONTROL
campo de control 000040492
005 - FECHA Y HORA DE LA ÚLTIMA TRANSACCIÓN
campo de control 20201002034152.0
008 - DATOS DE LONGITUD FIJA--INFORMACIÓN GENERAL
campo de control de longitud fija 130826s2010 mx r 000 0 spa d
020 ## - NÚMERO INTERNACIONAL ESTÁNDAR DEL LIBRO
Número Internacional Estándar del Libro 9786070212260
040 ## - FUENTE DE LA CATALOGACIÓN
Centro catalogador/agencia de origen DO-SdBNP
Lengua de catalogación spa
Centro/agencia transcriptor BNPHU
082 ## - NÚMERO DE LA CLASIFICACIÓN DECIMAL DEWEY
Número de clasificación xxxx
Número de documento/Ítem xxxx
100 1# - ENTRADA PRINCIPAL--NOMBRE DE PERSONA
Nombre de persona Chumacero, Alí
9 (RLIN) 66225
245 10 - MENCIÓN DE TÍTULO
Título Acerca del poeta y su mundo :
Resto del título discurso de ingreso a la Academia Mexicana de la Lengua 27 de noviembre de 1964 /
Mención de responsabilidad, etc. Alí Chumacero. Respuesta de Andrés Henestrosa.
260 ## - PUBLICACIÓN, DISTRIBUCIÓN, ETC.
Lugar de publicación, distribución, etc. México :
Nombre del editor, distribuidor, etc. Universidad Autónoma de México :
-- Academia Mexicana de la Lengua,
Fecha de publicación, distribución, etc. 2010.
300 ## - DESCRIPCIÓN FÍSICA
Extensión 54 p. ;
Dimensiones 18 cm.
590 ## - NOTA LOCAL (RLIN)
Nota local Inventariado, 2019/BT
700 1# - PUNTO DE ACCESO ADICIONAL--NOMBRE DE PERSONA
Nombre de persona Henestrosa, Andrés
9 (RLIN) 66797
Existencias
Estado de retiro Estado de pérdida Restricciones de uso No para préstamo Código de colección Localización permanente Ubicación/localización actual Ubicación en estantería Fecha de adquisición Número de inventario Total de préstamos Signatura topográfica completa Código de barras Fecha visto por última vez Precio válido a partir de Tipo de ítem Koha Número de copia
      Excluido de préstamo Monografías: Libros y Folletos General General Depósito 26.08.2013 LF1   xxxx xxxx 40492-10 25.06.2020 25.06.2020 No se presta  
      Excluido de préstamo Monografías: Libros y Folletos General General Depósito 26.08.2013 LF1   xxxx xxxx 40492-20 25.06.2020 25.06.2020 No se presta e.2
        Monografías: Libros y Folletos General General Depósito 26.08.2013 LF1   xxxx xxxx 40492-30 25.06.2020 25.06.2020 Préstamo en sala e.3

Con tecnología Koha